| 000 | 01578cam a2200373 a 4500 | ||
|---|---|---|---|
| 001 | 14942843 | ||
| 003 | OSt | ||
| 005 | 20160824172647.0 | ||
| 008 | 070726s2008 nyuab b 001 0 eng | ||
| 010 | _a 2007030610 | ||
| 015 |
_aGBA768169 _2bnb |
||
| 016 | 7 |
_a013828395 _2Uk |
|
| 020 | _a978-0-07-147795-6 (alk. paper) | ||
| 020 | _a0071477950 (alk. paper) | ||
| 035 | _a(OCoLC)ocn162501942 | ||
| 035 |
_a(OCoLC)162501942 _z(OCoLC)148798957 |
||
| 040 |
_aDLC _cDLC _dYDX _dBAKER _dUKM _dBTCTA _dYDXCP _dDLC |
||
| 050 | 0 | 0 |
_aRC660.4 _b.M364 2008 |
| 082 | 0 | 0 |
_aDC 616.462 _22008 _bM37d |
| 100 | 1 | _aMasharani, Umesh. | |
| 245 | 1 | 0 |
_aDiabetes demystified / _cUmesh Masharani. |
| 260 |
_aNew York : _bMcGraw-Hill, _cc2008. |
||
| 300 |
_axi, 243 pages : _billustrations ; _c24 cm. |
||
| 490 | 1 | _aDemystified series | |
| 504 | _aIncludes bibliographical references (p. 227-235) and index. | ||
| 650 | 0 |
_aDiabetes _vPopular works. |
|
| 830 | 0 | _aMcGraw-Hill "Demystified" series | |
| 856 | 4 | 2 |
_3Publisher description _uhttp://www.loc.gov/catdir/enhancements/fy0737/2007030610-d.html |
| 856 | 4 | 1 |
_3Table of contents only _uhttp://www.loc.gov/catdir/enhancements/fy0737/2007030610-t.html |
| 856 | 4 | 2 |
_3Contributor biographical information _uhttp://www.loc.gov/catdir/enhancements/fy0737/2007030610-b.html |
| 906 |
_a7 _bcbc _corignew _d1 _eecip _f20 _gy-gencatlg |
||
| 942 |
_2ddc _cDC |
||
| 999 |
_c4103 _d4103 |
||